| 000 | 00466nam a2200145 4500 | ||
|---|---|---|---|
| 082 | _aBESE-3 SID | ||
| 100 | _aHIRA SIDDIQUI | ||
| 245 | _aCarAamad – The carpooling service | ||
| 260 |
_aISLAMABAD _bNUST-SEECS _c2016 |
||
| 300 |
_a65p. S _eCD INCLUDE |
||
| 856 | _uhttp://10.250.8.41:8080/xmlui/handle/123456789/6813 | ||
| 942 |
_2ddc _cTHE |
||
| 999 |
_c173164 _d173164 |
||